Top 10 U.S. States People are Moving To - Statistics

General Stats
  • This quiz has been taken 63,478 times
    33,739 since last reset
  • The average score is 7 of 10
Answer Stats
Net Migration State % Correct
812,735 Texas
95%
890,348 Florida
94%
232,849 Georgia
76%
282,626 Arizona
72%
476,921 North Carolina
71%
379,062 South Carolina
68%
141,048 Alabama
57%
292,727 Tennessee
56%
107,244 Oklahoma
43%
139,784 Idaho
34%
No matching quizzes found
Score Distribution
Percent of People with Each Score
Percentile by Number Answered
Your Score History
You have not taken this quiz since the last reset